000 00884cam2a220024100 4500
001 qce00056551
005 20190814132947.0
008 771011s1955 ilua 000 0 eng
010 _a 55006118 /L
035 _a(Sirsi) r67941
035 _a(QCAT)lss01744537
035 _a(UPRA)qce00056551
040 _dUPRA
050 _aRJ216
_b.M5473
100 1 _aMeyer, Ludwig Ferdinand, 1879-
_dMeyer, Ludwig Ferdinand, 1879-
_6A28826.1
245 1 0 _aPhysiology and pathology of infant nutrition /
_cby L.F. Meyer [and] Erich Nassau ; translated by Kurt Glaser and Susanne Glaser.
250 _aCompletely rev. 2nd ed.
260 _aSpringfield, IL :
_bThomas,
_c[c1955]
650 0 _aInfants -- Nutrition.
_xInfants -- Nutrition.
_6S6185.1
700 1 _aNassau, Erich, 1888-
_dNassau, Erich, 1888-
_6A28827.1
949 _aRJ216
_wLC
_i-91077
_mMEDICAL
_tBOOK
_lON-SHELF
004 67941
999 _c56147
_d56147